000 00735nam a2200241Ia 4500
001 18471
003 GE_BSU
008 181216s||||||||xx |||||||||||||| ||und||
020 _a9780553384116
040 _cGE_BSU
080 _a005.574
100 _aMalhotra,D. Bazerman,M.
245 _aNegotiation Genius
245 _bHow to Overcome obstacles and Active Brilliant Results at the Bargaining Table and Beyond
260 _aNew York
260 _bBantam Books
260 _c2008
300 _a340p. 23cm.
653 _aHow to Overcome obstacles and Active Brilliant Results at the Bargaining Table and Beyond
653 _aNegotiation Genius
653 _aმენეჯმენტი, მართვა
942 _cBK
999 _c51485
_d51485